000 00696nam a2200241 a 4500
999 _c7574
_d7574
001 7574
003 BD-JhCC
005 20181006171347.0
008 180211s1975 bg |||| b||| 001 0 mul d
035 _a(BD-JhCC)7574
040 _aBD-JhCC
_dBD-JhCC
041 _aEnglish and Bengali
082 _a891.4415
_bAWW 1975
100 _aAwwal, Mohammad abdul
245 _aThe Prose Works of Mir Moasarraf Hosen (1869-1899) /
_bMohammad abdul Awwal,
250 _a1st Edi.
260 _aChittagong :
_bUniversity of Chittagong,
_c1975.
300 _a329 p. :
_c22 cm.
504 _aIncludes Bibliographical Reference and Index.
650 _aBengali Poetry
942 _2ddc
_cBK